Hồ Chí Minh toàn tập, tập 1

Bewaard in:
Bibliografische gegevens
Formaat: Boek
Gepubliceerd in: 1995
Tags: Voeg label toe
Geen labels, Wees de eerste die dit record labelt!
Thư viện lưu trữ: Mạng thư viện Đại học Đà Nẵng
LEADER 00442nam a22001811a 4500
001 000038896
003 15191
005 20160412021852.0
008 160412s1995 000
082 |a 4V(TK)193 
245 |a Hồ Chí Minh toàn tập, tập 1  |c Trần Nhâm 
260 |c 1995 
OWN |a LNN 
999 |a From the UDN01 
TYP |a Monograph 
980 |a Mạng thư viện Đại học Đà Nẵng